header

Revisiting the idea of vocation (Record no. 43785)

MARC details
000 -LEADER
fixed length control field 01279nam a2200325 a 4500
082 04 - DEWEY DECIMAL CLASSIFICATION NUMBER
Classification number 248.8/9
245 00 - TITLE STATEMENT
Title Revisiting the idea of vocation
260 ## - PUBLICATION, DISTRIBUTION, ETC. (IMPRINT)
Place of publication Washington, D.C. :
Name of publisher Catholic University of America Press,
Year of publication c2004.
300 ## - PHYSICAL DESCRIPTION
Number of Pages xiv, 249 p.
650 #0 - SUBJECT ADDED ENTRY--TOPICAL TERM
Topical Term Vocation, Ecclesiastical.
Topical Term Vocation
700 1# - ADDED ENTRY--PERSONAL NAME
Personal name Haughey, John C.
856 40 - ELECTRONIC LOCATION AND ACCESS
Uniform Resource Identifier http://site.ebrary.com/lib/rucke/Doc?id=10642503

No items available.

© 2026 Rongo University
Contact us: librarian | system librarian | Rongo university